01134nam a2200277Ia 4500001001200000003000800012006001900020007001500039008004100054020001500095040002100110035002100131050002700152245006800179260005900247300001100306490013100317533015200448650002200600650002700622655002900649700001800678710001700696856012600713999001700839ebr10085701CaPaEBRm u cr cn|||||||||000815s2005 enk s 000 0 eng d z1845441184 aCaPaEBRcCaPaEBR a(OCoLC)13316402014aZ1033.E43b.E54 2005eb00aElectronic booksh[electronic resource] /ceditor: David Raitt. aBradford, England :bEmerald Group Publishing,cc2005. a151 p.0 aThe electronic library the international journal for the application of technology in information environments ;vv. 23, no. 1 aElectronic reproduction.bPalo Alto, Calif. :cebrary,d2009.nAvailable via World Wide Web.nAccess may be limited to ebrary affiliated libraries. 0aElectronic books. 0aLibrariesxAutomation. 7aElectronic books.2local1 aRaitt, David.2 aebrary, Inc.40uhttp://site.ebrary.com/lib/rucke/Doc?id=10085701zAn electronic book accessible through the World Wide Web; click to view c49815d49815